<?xml version="1.0" encoding="UTF-8"?>
<record
    xmlns:xsi="http://www.w3.org/2001/XMLSchema-instance"
    xsi:schemaLocation="http://www.loc.gov/MARC21/slim http://www.loc.gov/standards/marcxml/schema/MARC21slim.xsd"
    xmlns="http://www.loc.gov/MARC21/slim">

  <leader>01869nam a2200313Ia 4500</leader>
  <datafield tag="952" ind1=" " ind2=" ">
    <subfield code="0">0</subfield>
    <subfield code="1">0</subfield>
    <subfield code="4">0</subfield>
    <subfield code="7">0</subfield>
    <subfield code="a">03</subfield>
    <subfield code="b">03</subfield>
    <subfield code="d">2014-07-29</subfield>
    <subfield code="l">1</subfield>
    <subfield code="o">LB1028.3 B37 2011</subfield>
    <subfield code="p">03 006725</subfield>
    <subfield code="r">2015-07-15</subfield>
    <subfield code="s">2015-07-15</subfield>
    <subfield code="t">1</subfield>
    <subfield code="w">2014-07-29</subfield>
    <subfield code="y">LB</subfield>
  </datafield>
  <datafield tag="952" ind1=" " ind2=" ">
    <subfield code="0">0</subfield>
    <subfield code="1">0</subfield>
    <subfield code="2">lcc</subfield>
    <subfield code="4">0</subfield>
    <subfield code="7">0</subfield>
    <subfield code="a">03</subfield>
    <subfield code="b">03</subfield>
    <subfield code="d">2015-09-29</subfield>
    <subfield code="l">3</subfield>
    <subfield code="o">LB1028.3 B37 2011</subfield>
    <subfield code="p">03 008386</subfield>
    <subfield code="r">2016-11-14</subfield>
    <subfield code="s">2016-11-14</subfield>
    <subfield code="t">2</subfield>
    <subfield code="w">2015-09-29</subfield>
    <subfield code="y">LB</subfield>
  </datafield>
  <datafield tag="999" ind1=" " ind2=" ">
    <subfield code="c">93287</subfield>
    <subfield code="d">93287</subfield>
  </datafield>
  <controlfield tag="008">120720t20002011mx ad         000 0 spa d</controlfield>
  <datafield tag="020" ind1=" " ind2=" ">
    <subfield code="a">9786051706263</subfield>
  </datafield>
  <datafield tag="050" ind1=" " ind2=" ">
    <subfield code="a">LB1028.3 </subfield>
    <subfield code="b">B37 2011</subfield>
  </datafield>
  <datafield tag="100" ind1="1" ind2=" ">
    <subfield code="a">Bates, A.W</subfield>
    <subfield code="e">autor</subfield>
  </datafield>
  <datafield tag="240" ind1=" " ind2=" ">
    <subfield code="a">Technology, Open Learning</subfield>
    <subfield code="l">espa&#xF1;ol</subfield>
  </datafield>
  <datafield tag="245" ind1=" " ind2="3">
    <subfield code="a">La tecnolog&#xED;a en la ense&#xF1;anza abierta y la educaci&#xF3;n a distancia </subfield>
    <subfield code="c"> / A.W Bates</subfield>
  </datafield>
  <datafield tag="250" ind1=" " ind2=" ">
    <subfield code="a">2a. edici&#xF3;n</subfield>
  </datafield>
  <datafield tag="260" ind1=" " ind2=" ">
    <subfield code="a">M&#xE9;xico </subfield>
    <subfield code="b"> : Trillas</subfield>
    <subfield code="c">, 2011</subfield>
  </datafield>
  <datafield tag="300" ind1=" " ind2=" ">
    <subfield code="a">334 p&#xE1;ginas</subfield>
    <subfield code="c"> : ilustraciones, gr&#xE1;ficas</subfield>
  </datafield>
  <datafield tag="336" ind1=" " ind2=" ">
    <subfield code="a">texto</subfield>
  </datafield>
  <datafield tag="337" ind1=" " ind2=" ">
    <subfield code="a">sin medio</subfield>
  </datafield>
  <datafield tag="338" ind1=" " ind2=" ">
    <subfield code="a">volumen</subfield>
  </datafield>
  <datafield tag="500" ind1=" " ind2=" ">
    <subfield code="a">reimpresi&#xF3;n 2011
Incluye: anexo (pp.329-342)
Incluye: &#xED;ndice onom&#xE1;stico (pp.351-352)
Incluye: &#xED;ndice anal&#xED;tico (pp.353-362)
</subfield>
  </datafield>
  <datafield tag="504" ind1=" " ind2=" ">
    <subfield code="a">Incluye: bibliografia (pp.343-349)
</subfield>
  </datafield>
  <datafield tag="505" ind1=" " ind2=" ">
    <subfield code="a">Resumen ejecutivo. &#xBF;Qu&#xE9; hemos aprendido sobre la tecnolog&#xED;a, la ense&#xF1;anza abierta y la toma de decisiones?
Tecnolog&#xED;a, toma de decisiones y ense&#xF1;anza abierta y a distancia
Selecci&#xF3;n de tecnolog&#xED;as. clasificaci&#xF3;n de las diferiencias
Televisi&#xF3;n. La trasmisi&#xF3;n educativa
Televisi&#xF3;n educativa
Textos impresos 
Audio unidireccional. Radio y audiocassettes
Audio bidireccional. Ense&#xF1;anza por tel&#xE9;fono y audiogr&#xE1;ficos
Ense&#xF1;anza basada en computadora y multimedia
Comunicaci&#xF3;n por computadora
Tecnolog&#xED;a y el futuro de la direcci&#xF3;n
  </subfield>
  </datafield>
  <datafield tag="519" ind1=" " ind2=" ">
    <subfield code="a">Plan Flexible /
</subfield>
    <subfield code="b">Pedagog&#xED;a / </subfield>
    <subfield code="c">Nuevas Tecnolog&#xED;as Aplicadas a la Educaci&#xF3;n (P20-2) /</subfield>
    <subfield code="d">(03 006725)</subfield>
  </datafield>
  <datafield tag="519" ind1=" " ind2=" ">
    <subfield code="a">Educaci&#xF3;n Mixta /
</subfield>
    <subfield code="b">Pedagog&#xED;a / </subfield>
    <subfield code="c">Nuevas Tecnolog&#xED;as Aplicadas a la Educaci&#xF3;n (P20-2) /</subfield>
    <subfield code="d">(03 008382)</subfield>
  </datafield>
  <datafield tag="650" ind1="1" ind2="0">
    <subfield code="a">TECNOLOG&#xCD;A EDUCATIVA</subfield>
  </datafield>
  <datafield tag="650" ind1="2" ind2="0">
    <subfield code="a">EDUCACI&#xD3;N A DISTANCIA</subfield>
  </datafield>
  <datafield tag="700" ind1=" " ind2=" ">
    <subfield code="a">Santiago Cruz, Juan Manuel</subfield>
    <subfield code="e">traductor</subfield>
  </datafield>
  <datafield tag="700" ind1=" " ind2=" ">
    <subfield code="a">Satiago Cruz, Julio Ra&#xFA;l</subfield>
    <subfield code="e">traductor</subfield>
  </datafield>
  <datafield tag="942" ind1=" " ind2=" ">
    <subfield code="c">LB</subfield>
  </datafield>
</record>
